00727 a2200193 450000100060000002000180000604000220002410000140004624000450006024500400010530000070014536200090015265000230016194200070018495201130019195201000030495201120040499900170051661516 a9788572723046 cAnchieta - Pituba aJeosafá10aO espelho de Machado de Assis em HQlpor10aO espelho de Machado de Assis em HQ a640 a2012 4aLiteratura juvenil cBK 00104070a91.1b91.1d2023-11-21l0oLJ 028.5 J54e JEO ESPp13579/PITr2023-11-21 18:29:41w2023-11-21yBK 00104070a88.1b88.1d2023-11-22l0o740 J549ep4799/CSPr2023-11-22 14:31:07w2023-11-22yBK 00102ddc4070a71.1b71.1d2026-02-10l0o741.5 J53e ex.1pO020215r2026-02-10 07:36:24w2026-02-10yBKu c61516d61516